01119nam0a22002171 4500001001000000005001700010035002600027100004100053101000800094102000700102105001800109200021200127210004000339215001500379225035000394300006500744320003300809801001800842801002200860852001900882rc\54989120250621125956.0 a(NLR Aleph) 005785996 a20030616d1987 |||y0rusy50 ca0 arus aRU ay |||||||||1 aЭКОНОМИЧЕСКИЕ проблемы производства и потребления безалкогольных напитков в СССР и за рубежомf[Яшнова П.М. и др.] aМ.cАгроНИИТЭИППd1987 a32 с.d201 aПищевая промышленностьhСерия 22iПиво-безалкогольная промышленностьeОбзор. информ.fВНИИ информ. и техн.-экон. исслед. агропром. комплекса. НИИ информ. и техн.-экон. исслед. пищ. пром-стиvВып. 7 aВ надзаг. также: Госагропром СССР aБиблиогр.: с. 30-31 0aRUbNLRgpsbo 1aRUbELAR2rusmarc aNLRjП10/5607